| 000 | 00580nam a22002177a 4500 | ||
|---|---|---|---|
| 001 | 00028867 | ||
| 005 | 20260423191527.0 | ||
| 008 | 260423b ag ||||| |||| 00| 0 spa d | ||
| 020 | _a8441305455 | ||
| 040 |
_aAR-CcCEOS _bspa _cAR-CcCEOS |
||
| 041 | _aspa | ||
| 080 | _a94(32) | ||
| 090 | _bCAS v.1 | ||
| 100 | 1 |
_aCasson, Lionel, _d1914-2009 _91113 |
|
| 245 |
_aEgipto antiguo : _bVolumen I / _cLionel Casson |
||
| 264 |
_aBarcelona : _bFolio, _c1997. |
||
| 300 |
_a95 p. ; _c24x18 cm. |
||
| 490 | _vAtlas culturales del mundo | ||
| 655 | 0 |
_aarte _9138 |
|
| 942 |
_2udc _cBK _n0 |
||
| 999 |
_c28909 _d28909 |
||